| 000 | nam a22 a 4500 | ||
|---|---|---|---|
| 999 |
_c64 _d64 |
||
| 003 | AKMAL | ||
| 005 | 20170413151802.0 | ||
| 008 | s1994 myw 00 may d | ||
| 040 | _aAKMAL | ||
| 090 |
_a362.5709595 _bMAH |
||
| 100 |
_aMahathir Mohamad, _cTun, _d1925- _941 |
||
| 245 | 1 | 0 |
_aMemerangi kemiskinan : _bpeladang, penternak dan nelayan / _coleh Y.A.B. Dato' Seri Dr. Mahathir bin Mohamad |
| 260 |
_aKuala Lumpur : _bLembaga Pertubuhan Peladang, _c1994 |
||
| 300 |
_aix, 198ms. : _bil. wrn. ; _c24cm |
||
| 650 |
_aPoverty _9202 |
||
| 710 | 2 |
_aLembaga Pertubuhan Peladang _9203 |
|
| 942 |
_2ddc _cBOOK |
||